| 000 | 00522 a2200157 4500 | ||
|---|---|---|---|
| 999 |
_c3409 _d3409 |
||
| 020 | _a0131247204 | ||
| 050 | _aQ 180.55 LEE 2005 | ||
| 100 |
_aLeedy, Paul D. _eauthor |
||
| 245 |
_aPractical research : _b planning and designs _cPaul D. Leedy & Jeanne Ellis Ormrod |
||
| 264 |
_aNew Jersey _bPearson _c2005 |
||
| 300 |
_axxiii, 319p. : _bill.(col.) |
||
| 500 | _aIncludes bibliographical references and index | ||
| 650 |
_aResearch _xMethodology. |
||
| 700 |
_aOrmrod, Jeanne Ellis _eauthor |
||
| 942 |
_2lcc _cBK _h180.55 _iLEE _kQ |
||